000 00408cam a2200169ua 4500
041 _aeng
_h
082 _a301
_bBIE/MO
100 _aBiesanz, John .
245 _aModern society /
_cJohn Biesanz.
_hTextual Documents
250 _a2 /
_b.
260 _aNew Jersey :
_bPrentice Hall Inc ,
_c1959.
300 _a740 ; .
504 _a
700 1 _aBiesanz, Mauis .
942 _cBK
999 _c2229
_d2229